LIBRARY & INFORMATION CENTRE, KCAET, TAVANUR

ONLINE PUBLIC ACCESS CATALOGUE (OPAC)

Biraj bahu / (Record no. 12231)

MARC details
000 -LEADER
fixed length control field 00365cam a2200145ua 4500
041 ## - LANGUAGE CODE
Language code of text/sound track or separate title hin
082 ## - DEWEY DECIMAL CLASSIFICATION NUMBER
Classification number 891.43
Item number SHA/BI
100 ## - MAIN ENTRY--AUTHOR NAME
Personal name Sharat Chandra, Chattopadyaya.
245 ## - TITLE STATEMENT
Title Biraj bahu /
260 ## - PUBLICATION, DISTRIBUTION, ETC. (IMPRINT)
Place of publication :
Name of publisher Hind Pocket Books Pvt Ltd ,
Year of publication 1937.
300 ## - PHYSICAL DESCRIPTION
Number of Pages 127 ; .
942 ## - ADDED ENTRY ELEMENTS (KOHA)
Koha item type Books
Holdings
Withdrawn status Lost status Damaged status Home library Current library Date acquired Full call number Accession Number Koha item type
Withdrawn     KAUAET Sanskrit University 07/04/2012 891.43 1937 Books
free website counter